| 000 | 00560nam a22001697a 4500 | ||
|---|---|---|---|
| 005 | 20251108164157.0 | ||
| 008 | 250721s9999 xx 000 0 ara d | ||
| 082 | 1 | 4 | _a219/محم |
| 100 | 1 | _aالشعراوي، محمد متولي | |
| 245 | 1 | 0 | _aمن فيض الرحمن في رسالة محمد عليه الصلاة و السلام / |
| 264 | 1 |
_aالقاهرة : _bمؤسسة روز اليوسف، _c[19-]. |
|
| 300 | _a134ص. | ||
| 650 | 1 | 7 | _aالسيرة النبوية |
| 700 | 1 |
_aعامر، منير _eاعداد |
|
| 942 |
_2ddc _cBK |
||
| 999 |
_c5572 _d5572 |
||